Least Dense Island Countries - Statistics

General Stats
  • This quiz has been taken 55 times
  • The average score is 8 of 10
Answer Stats
pop/km^2 pop/mi^2 Country % Correct
18 47 New Zealand
94%
3.4 8.8 Iceland
81%
25 65 Vanuatu
79%
45 117 Madagascar
77%
18 47 Papua New Guinea
77%
24 62 Solomon Islands
77%
48 124 Fiji
74%
40 104 Palau
74%
69 179 Ireland
68%
28 73 Bahamas
55%
No matching quizzes found
Score Distribution
Percent of People with Each Score
Percentile by Number Answered
Your Score History
You have not taken this quiz